| 000 | 00633nam a2200193 u 4500 | ||
|---|---|---|---|
| 005 | 20220914063718.0 | ||
| 008 | 100616s2008 r 000 0 eng d | ||
| 020 | _a9788487330780 | ||
| 035 | _aUPN01000176610 | ||
| 049 | _aCG | ||
| 050 | 4 |
_aBF295 _bF6.5 2008 |
|
| 100 | 1 | _aFonseca, Vítor da | |
| 245 | 1 | 0 |
_aManual de observación psicomotriz : _bsignificación psiconeurológica de los factores psicomotores / _cVítor da Fonseca ; Traducción y adaptación de Eugenia Trigo. |
| 250 | _a3a ed. | ||
| 260 |
_aBarcelona, Esp. : _bInde, _c2008. |
||
| 300 |
_a382 p. : _bil. |
||
| 650 | 7 |
_aPsicomotricidad _2 _95010 |
|
| 905 | _aLibro | ||
| 999 |
_c148713 _d148713 |
||